Estadísticas para Países más cercanos a Luxemburgo - Sprint de un minuto

Haz click aquí para intentar la prueba.

Estadísticas generales

  • Esta prueba ha sido intentada 46 veces
  • La puntuación promedio es 15 de 20

Estadísticas de respuestas

kmpaís% Correcto
0Francia
100%
0Alemania
95%
0Bélgica
95%
811España
92%
64Países Bajos
92%
227Suiza
89%
366Italia
87%
321Austria
84%
338Liechtenstein
79%
602Polonia
79%
401Chequia
76%
337Reino Unido
76%
555Dinamarca
74%
630Eslovenia
68%
768Eslovaquia
66%
767Hungría
63%
641Mónaco
63%
766San Marino
61%
694Croacia
45%
732Suecia
42%

Distribución de puntuación

Porcentaje por número respondido

Porcentaje de gente con cada puntuación

Historial de tus puntuaciones

No has intentado esta prueba.